[Event "XXI C.to Italiano U20"]
[Site "Porto San Giorgio ITA"]
[Date "2013.08.24"]
[Round "4"]
[White "Dappiano, Andrea"]
[Black "Brociner, Beniamino"]
[WhiteElo "2149"]
[BlackElo "2032"]
[Result "0-1"]
[PlyCount "80"]
[EventDate "2013.08.21"]

1. c4 Nf6 2. g3 d6 3. Bg2 e5 4. Nc3 Be7 5. e4 O-O 6. Nge2 Re8 7. O-O c6 8. d3
a6 9. a4 a5 10. h3 Na6 11. Be3 Bf8 12. f4 Nb4 13. Qd2 Nd7 14. Rad1 Nc5 15. Nc1
exf4 16. Rxf4 Ne6 17. Rf2 Nc7 18. Nb3 Ra6 19. Rdf1 f6 20. g4 h6 21. d4 d5 22.
cxd5 cxd5 23. e5 fxe5 24. dxe5 Rae6 25. Bf4 b6 26. Kh1 Ba6 27. Rd1 Nd3 28. Rf3
Nxe5 29. Bxe5 Rxe5 30. Qf2 Bc4 31. Nd2 Bc5 32. Qg3 Ba6 33. Nb3 Bd6 34. Qf2 Bc4
35. Nd2 Bc5 36. Qg3 Be2 37. Nxe2 Rxe2 38. Rd3 Bd6 39. Qf3 Qe7 40. Nf1 Rf8 0-1

[Event "XXI C.to Italiano U20"]
[Site "Porto San Giorgio ITA"]
[Date "2013.08.24"]
[Round "4"]
[White "De Filomeno, Simone"]
[Black "Franciosi, Fausto"]
[WhiteElo "2378"]
[BlackElo "2084"]
[Result "1-0"]
[PlyCount "57"]
[EventDate "2013.08.21"]

1. e4 e6 2. d4 d5 3. Nd2 Nf6 4. e5 Nfd7 5. Bd3 c5 6. c3 Nc6 7. Ne2 cxd4 8. cxd4
f6 9. exf6 Nxf6 10. O-O Bd6 11. Nf3 Qc7 12. h3 O-O 13. Be3 a6 14. Nc3 Bd7 15.
Re1 Rae8 16. Rc1 Qb8 17. Na4 e5 18. dxe5 Nxe5 19. Nxe5 Bxe5 20. Nc5 Bc8 21. Qd2
Kh8 22. Bb1 Rd8 23. Bg5 b6 24. Qc2 g6 25. Nd3 Bd6 26. Qa4 Rd7 27. Bxf6+ Rxf6
28. Re8+ Rf8 29. Rcxc8 1-0

[Event "XXI C.to Italiano U20"]
[Site "Porto San Giorgio ITA"]
[Date "2013.08.24"]
[Round "4"]
[White "Lodici, Lorenzo"]
[Black "Morello, Guido"]
[WhiteElo "2088"]
[BlackElo "2048"]
[Result "0-1"]
[PlyCount "154"]
[EventDate "2013.08.21"]

1. d4 Nf6 2. c4 c5 3. d5 e6 4. Nc3 exd5 5. cxd5 d6 6. e4 g6 7. f4 Bg7 8. Bb5+
Nfd7 9. Nf3 O-O 10. O-O a6 11. Bd3 b5 12. Kh1 c4 13. Bc2 Re8 14. a3 Nc5 15. f5
Nbd7 16. Bg5 Qc7 17. Qd2 Rb8 18. Nd4 Ne5 19. Rab1 Bd7 20. h4 a5 21. f6 Bh8 22.
a4 b4 23. Ncb5 Bxb5 24. Nxb5 Rxb5 25. axb5 b3 26. Bd1 Nxe4 27. Qf4 Nd3 28. Qf3
Bxf6 29. Bxb3 Bxg5 30. Bxc4 Nef2+ 31. Rxf2 Nxf2+ 32. Qxf2 Qxc4 33. hxg5 Qxb5
34. Rd1 Qe2 35. Qxe2 Rxe2 36. Ra1 Rxb2 37. Rxa5 Rd2 38. Kh2 Kg7 39. Kg3 h6 40.
gxh6+ Kxh6 41. Kf4 Rxg2 42. Ra6 Rf2+ 43. Kg4 Rf6 44. Rb6 Kg7 45. Ra6 Kf8 46.
Ra8+ Ke7 47. Ra7+ Kd8 48. Kg5 Rf5+ 49. Kh6 Ke8 50. Kg7 g5 51. Ra4 Rxd5 52. Kf6
Kd7 53. Kxf7 Kc6 54. Kf6 Re5 55. Ra6+ Kd5 56. Ra4 Re4 57. Ra5+ Kc4 58. Ra4+ Kd3
59. Ra3+ Kd4 60. Kxg5 d5 61. Ra8 Kc3 62. Kf5 Re7 63. Kf4 d4 64. Kf3 Kd2 65.
Ra2+ Kc1 66. Ra1+ Kb2 67. Ra8 Kc2 68. Ra2+ Kb3 69. Ra8 d3 70. Rb8+ Kc2 71. Rc8+
Kd2 72. Kf2 Rf7+ 73. Kg2 Rf5 74. Ra8 Ke3 75. Rd8 Rf4 76. Re8+ Re4 77. Rd8 Ke2
0-1

[Event "XXI C.to Italiano U20"]
[Site "Porto San Giorgio ITA"]
[Date "2013.08.24"]
[Round "4"]
[White "Sagripanti, Michele"]
[Black "Fagnani, Alessandro"]
[WhiteElo "2060"]
[BlackElo "2039"]
[Result "0-1"]
[PlyCount "54"]
[EventDate "2013.08.21"]

1. Nf3 d5 2. c4 e6 3. e3 Nf6 4. Nc3 c5 5. b3 Nc6 6. Bd3 d4 7. exd4 cxd4 8. Ne2
e5 9. Ng3 h5 10. Qe2 Qe7 11. Bb2 Nb4 12. Bb1 h4 13. Ne4 h3 14. g3 Bg4 15. a3
Nc6 16. d3 Nxe4 17. Qxe4 f5 18. Qe2 e4 19. dxe4 Ne5 20. Nxe5 Bxe2 21. Ng6 Qg5
22. Nxh8 d3 23. exf5 Qxf5 24. Kd2 Qxf2 25. Re1 Bc5 26. Bxd3 Qe3+ 27. Kc2 Qxd3+
0-1

[Event "XXI C.to Italiano U20"]
[Site "Porto San Giorgio ITA"]
[Date "2013.08.24"]
[Round "4"]
[White "Santeramo, Domenico"]
[Black "Viviani, Alessio"]
[WhiteElo "2059"]
[BlackElo "2141"]
[Result "1-0"]
[PlyCount "97"]
[EventDate "2013.08.21"]

1. e4 c5 2. Nf3 d6 3. d4 cxd4 4. Nxd4 Nf6 5. Nc3 g6 6. Be3 Bg7 7. f3 Nc6 8. Qd2
O-O 9. Bc4 Bd7 10. h4 Rc8 11. Bb3 h5 12. O-O-O a6 13. Nxc6 bxc6 14. Bh6 c5 15.
Bxg7 Kxg7 16. Bc4 Qb6 17. Nd5 Nxd5 18. exd5 Bb5 19. Qc3+ f6 20. Rde1 Rc7 21.
Re4 Bxc4 22. Qxc4 Qb5 23. Rhe1 Qxc4 24. Rxc4 Kf7 25. c3 Rg8 26. Re2 g5 27. b3
gxh4 28. Rxh4 Rg5 29. c4 Rc8 30. Rhe4 Re5 31. Rxe5 fxe5 32. f4 exf4 33. Re4 Rg8
34. Rxf4+ Ke8 35. Rf2 Rg3 36. Kb2 h4 37. Ka3 h3 38. gxh3 Rxh3 39. Ka4 Rh8 40.
Ka5 Kd7 41. Re2 Ra8 42. a3 Ra7 43. b4 cxb4 44. axb4 Kc8 45. c5 Rb7 46. c6 Rb5+
47. Kxa6 Rxb4 48. Rxe7 Ra4+ 49. Kb5 1-0

[Event "XXI C.to Italiano U20"]
[Site "Porto San Giorgio ITA"]
[Date "2013.08.24"]
[Round "4"]
[White "Varvaglione, Antonio"]
[Black "Gregori, Giacomo"]
[WhiteElo "2048"]
[BlackElo "2060"]
[Result "1-0"]
[PlyCount "49"]
[EventDate "2013.08.21"]

1. e4 c6 2. d4 d5 3. exd5 cxd5 4. c4 Nf6 5. Nc3 e6 6. Nf3 Bb4 7. Qa4+ Nc6 8. a3
Be7 9. cxd5 Nxd5 10. Bd3 O-O 11. O-O Nxc3 12. bxc3 Bf6 13. Qc2 g6 14. Re1 b6
15. h4 Bb7 16. h5 Qd5 17. hxg6 hxg6 18. Bxg6 fxg6 19. Qxg6+ Bg7 20. Bh6 Rf7 21.
Ng5 Ne5 22. Qh7+ Kf8 23. Re4 Ke7 24. dxe5 Bxh6 25. Qxf7+ 1-0

[Event "XXI C.to Italiano U20"]
[Site "Porto San Giorgio ITA"]
[Date "2013.08.25"]
[Round "5"]
[White "Boscolo, Federico"]
[Black "Varvaglione, Antonio"]
[WhiteElo "2343"]
[BlackElo "2048"]
[Result "1/2-1/2"]
[PlyCount "53"]
[EventDate "2013.08.21"]

1. e4 d6 2. d4 Nf6 3. Bd3 e5 4. c3 Be7 5. Nf3 Nbd7 6. O-O O-O 7. Re1 c6 8. Nbd2
Qc7 9. Nf1 Re8 10. Ng3 Nf8 11. Nf5 Bxf5 12. exf5 exd4 13. Nxd4 d5 14. Bg5 Ne4
15. Bxe7 Rxe7 16. Bxe4 Rxe4 17. Rxe4 dxe4 18. Qg4 Qe5 19. Re1 Re8 20. Re3 Nd7
21. Rg3 Qf6 22. Ne2 Re5 23. Nf4 Rxf5 24. Nh5 Qg6 25. Nxg7 Qxg4 26. Rxg4 Rd5 27.
Nf5+ 1/2-1/2

[Event "XXI C.to Italiano U20"]
[Site "Porto San Giorgio ITA"]
[Date "2013.08.25"]
[Round "5"]
[White "Brociner, Beniamino"]
[Black "Altini, Nicola"]
[WhiteElo "2032"]
[BlackElo "2347"]
[Result "1/2-1/2"]
[PlyCount "118"]
[EventDate "2013.08.21"]

1. Nf3 Nf6 2. c4 c5 3. g3 d5 4. cxd5 Nxd5 5. Bg2 Nc6 6. O-O e5 7. d3 Be7 8. Nc3
Nc7 9. Be3 O-O 10. a3 Bd7 11. Nd2 Rc8 12. Nc4 b5 13. Bxc6 Bxc6 14. Nxe5 Ba8 15.
Qb3 a6 16. f3 Ne6 17. Rac1 Nd4 18. Qd1 h5 19. Bf2 Bd6 20. f4 Bxe5 21. fxe5 Qg5
22. b4 Qxe5 23. bxc5 Rxc5 24. e4 Rfc8 25. Be1 a5 26. Bd2 h4 27. Bf4 Qe6 28. Ne2
Rxc1 29. Bxc1 Nxe2+ 30. Qxe2 hxg3 31. hxg3 f5 32. Re1 fxe4 33. dxe4 b4 34. axb4
axb4 35. Bb2 Re8 36. Qd2 Qg6 37. Re3 Bxe4 38. Qd7 Rf8 39. Qxg7+ Qxg7 40. Bxg7
Kxg7 41. Rxe4 Rb8 42. Re2 Kf6 43. Kf1 b3 44. Rb2 Ke5 45. Ke2 Kd4 46. Kd2 Kc4
47. Kc1 Rf8 48. Re2 Kc3 49. Re3+ Kb4 50. Re7 Rf1+ 51. Kb2 Rf2+ 52. Kb1 Rg2 53.
Rb7+ Kc4 54. Rc7+ Kd5 55. Rd7+ Ke4 56. Rb7 Rxg3 57. Kb2 Kd4 58. Rxb3 Rxb3+ 59.
Kxb3 Ke5 1/2-1/2

[Event "XXI C.to Italiano U20"]
[Site "Porto San Giorgio ITA"]
[Date "2013.08.25"]
[Round "5"]
[White "Codenotti, Marco"]
[Black "Santeramo, Domenico"]
[WhiteElo "2370"]
[BlackElo "2059"]
[Result "1-0"]
[PlyCount "51"]
[EventDate "2013.08.21"]

1. e4 e5 2. Nf3 Nc6 3. Bb5 a6 4. Ba4 Nf6 5. O-O b5 6. Bb3 Bc5 7. c3 d6 8. d4
Bb6 9. Be3 Bb7 10. Nbd2 O-O 11. a3 h6 12. h3 Re8 13. Qb1 Nh5 14. Re1 Qf6 15.
Bd5 Rab8 16. Qd3 Nf4 17. Bxf4 Qxf4 18. Nf1 Ne7 19. Bxb7 Rxb7 20. Ne3 Rbb8 21.
Ng4 f5 22. exf5 exd4 23. f6 Nf5 24. g3 Nxg3 25. Qg6 Rxe1+ 26. Rxe1 1-0

[Event "XXI C.to Italiano U20"]
[Site "Porto San Giorgio ITA"]
[Date "2013.08.25"]
[Round "5"]
[White "Fagnani, Alessandro"]
[Black "Basso, Pier Luigi"]
[WhiteElo "2039"]
[BlackElo "2208"]
[Result "1/2-1/2"]
[PlyCount "40"]
[EventDate "2013.08.21"]

1. e4 c5 2. Nf3 Nc6 3. d4 cxd4 4. Nxd4 Nf6 5. Nc3 e5 6. Ndb5 d6 7. Nd5 Nxd5 8.
exd5 Nb8 9. c4 a6 10. Nc3 g6 11. Be3 f5 12. f4 Bh6 13. Qd2 O-O 14. O-O-O Nd7
15. h4 b5 16. h5 exf4 17. Bxf4 g5 18. Bxd6 Rf6 19. c5 g4 20. Bf4 Bxf4 1/2-1/2

[Event "XXI C.to Italiano U20"]
[Site "Porto San Giorgio ITA"]
[Date "2013.08.25"]
[Round "5"]
[White "Franciosi, Fausto"]
[Black "Miracola, Massimiliano"]
[WhiteElo "2084"]
[BlackElo "2149"]
[Result "1/2-1/2"]
[PlyCount "95"]
[EventDate "2013.08.21"]

1. d4 d5 2. c4 e6 3. cxd5 exd5 4. Nc3 c6 5. Qc2 g6 6. Nf3 Nf6 7. Bg5 Be7 8. e3
Bf5 9. Bd3 Bxd3 10. Qxd3 O-O 11. O-O Nbd7 12. Rab1 a5 13. h3 Re8 14. Bf4 Bf8
15. Qc2 Nh5 16. Bh2 f5 17. Ne2 Nhf6 18. Nf4 Ne4 19. Nd3 Qf6 20. Nde5 Nxe5 21.
Nxe5 Bd6 22. Rbe1 Ng5 23. Re2 Nf7 24. Nd3 Bxh2+ 25. Kxh2 Re7 26. Kg1 g5 27. f4
g4 28. hxg4 fxg4 29. g3 Rf8 30. Rff2 Nd6 31. Rh2 Ne4 32. Ne5 Qf5 33. Kg2 h5 34.
Qd1 Rh7 35. Re1 Rf6 36. Reh1 Ng5 37. Rxh5 Qe4+ 38. Kf2 Rxh5 39. Rxh5 Nh3+ 40.
Rxh3 gxh3 41. Qg4+ Kf8 42. Qc8+ Kg7 43. Qd7+ Kf8 44. Qd8+ Kg7 45. Qe7+ Kg8 46.
Qxf6 Qc2+ 47. Ke1 Qc1+ 48. Ke2 1/2-1/2

[Event "XXI C.to Italiano U20"]
[Site "Porto San Giorgio ITA"]
[Date "2013.08.25"]
[Round "5"]
[White "Gattafoni, Alessio"]
[Black "Dappiano, Andrea"]
[WhiteElo "2005"]
[BlackElo "2149"]
[Result "0-1"]
[PlyCount "92"]
[EventDate "2013.08.21"]

1. d4 e6 2. Nf3 f5 3. c4 Nf6 4. e3 d5 5. Be2 c6 6. O-O Bd6 7. b3 Qe7 8. a4 a5
9. Ba3 Bxa3 10. Rxa3 O-O 11. Ne5 Nbd7 12. Ra2 Nxe5 13. dxe5 Nd7 14. f4 Nc5 15.
Nd2 b6 16. Qc2 Bb7 17. Qc3 Na6 18. cxd5 cxd5 19. Bxa6 Bxa6 20. Rc1 Rfc8 21. Qa1
Qb4 22. Rac2 Rc5 23. Rxc5 bxc5 24. Qc3 Rc8 25. Nf3 c4 26. Qxb4 axb4 27. Nd4 Kf7
28. Kf2 cxb3 29. Nxb3 Rxc1 30. Nxc1 Bc4 31. a5 b3 32. Nxb3 Bxb3 33. a6 d4 34.
exd4 Ke7 35. h3 Kd7 36. g4 Bd5 37. Kg3 g6 38. Kh4 h6 39. Kg3 Kc7 40. gxf5 exf5
41. h4 h5 42. Kf2 Kb6 43. Ke3 Kxa6 44. e6 Bxe6 45. d5 Bxd5 46. Kd4 Bf3 0-1

[Event "XXI C.to Italiano U20"]
[Site "Porto San Giorgio ITA"]
[Date "2013.08.25"]
[Round "5"]
[White "Morello, Guido"]
[Black "De Filomeno, Simone"]
[WhiteElo "2048"]
[BlackElo "2378"]
[Result "0-1"]
[PlyCount "38"]
[EventDate "2013.08.21"]

1. e4 c5 2. c3 Nf6 3. e5 Nd5 4. Nf3 Nc6 5. Na3 d6 6. exd6 e5 7. Bc4 Nb6 8. Qb3
Nxc4 9. Nxc4 Bxd6 10. O-O O-O 11. Nxd6 Qxd6 12. Re1 b6 13. Qa4 Bf5 14. b3 Rae8
15. Bb2 e4 16. Nh4 Bd7 17. Qc4 Ne5 18. Qe2 Nd3 19. Reb1 g5 0-1

[Event "XXI C.to Italiano U20"]
[Site "Porto San Giorgio ITA"]
[Date "2013.08.25"]
[Round "5"]
[White "Viviani, Alessio"]
[Black "Siclari, Giovanni"]
[WhiteElo "2141"]
[BlackElo "2059"]
[Result "1/2-1/2"]
[PlyCount "47"]
[EventDate "2013.08.21"]

1. d4 Nf6 2. Nf3 e6 3. g3 d5 4. Bg2 Be7 5. O-O O-O 6. c4 dxc4 7. Qc2 a6 8. Qxc4
b5 9. Qb3 Bb7 10. Nc3 c5 11. Rd1 Nbd7 12. Ne5 Bxg2 13. Kxg2 Qc7 14. Nxd7 Qxd7
15. dxc5 Qb7+ 16. f3 Bxc5 17. Bg5 Be7 18. Bxf6 Bxf6 19. Ne4 Be7 20. Rd3 Rfd8
21. Rad1 h6 22. Rxd8+ Rxd8 23. Rxd8+ Bxd8 24. Qd3 1/2-1/2

[Event "XXI C.to Italiano U20"]
[Site "Porto San Giorgio ITA"]
[Date "2013.08.26"]
[Round "6"]
[White "Basso, Pier Luigi"]
[Black "Varvaglione, Antonio"]
[WhiteElo "2208"]
[BlackElo "2048"]
[Result "1/2-1/2"]
[PlyCount "101"]
[EventDate "2013.08.21"]

1. e4 d6 2. d4 Nf6 3. Nc3 e5 4. dxe5 dxe5 5. Qxd8+ Kxd8 6. Be3 a6 7. O-O-O+ Bd6
8. Bg5 Ke8 9. f4 Ng4 10. fxe5 Nxe5 11. Nf3 Bg4 12. Be2 Bxf3 13. gxf3 h6 14. Be3
Ng6 15. Nd5 Nd7 16. f4 c6 17. e5 Bxe5 18. fxe5 cxd5 19. e6 Nf6 20. Rhg1 Ke7 21.
exf7 Kxf7 22. Bd4 Nf4 23. Bf3 Rhe8 24. Rgf1 Ne2+ 25. Bxe2 Rxe2 26. Bxf6 gxf6
27. Rxd5 Rae8 28. Rdf5 R8e6 29. R5f2 R2e5 30. b3 b5 31. Kb2 b4 32. a3 a5 33.
axb4 axb4 34. Rf4 Re4 35. R1f2 Ke7 36. R2f3 Kf7 37. Rf1 Ke7 38. R1f2 Kf7 39.
R2f3 Ke7 40. Rxe4 Rxe4 41. Rh3 f5 42. Rxh6 f4 43. Rh3 Kf6 44. c3 Re2+ 45. Kc1
bxc3 46. Rxc3 Rxh2 47. Kd1 Ke5 48. Ke1 Rb2 49. b4 Rxb4 50. Kf1 Rb2 51. Ra3
1/2-1/2

[Event "XXI C.to Italiano U20"]
[Site "Porto San Giorgio ITA"]
[Date "2013.08.26"]
[Round "6"]
[White "Codenotti, Marco"]
[Black "Brociner, Beniamino"]
[WhiteElo "2370"]
[BlackElo "2032"]
[Result "1-0"]
[PlyCount "49"]
[EventDate "2013.08.21"]

1. e4 c5 2. Nf3 g6 3. c3 Bg7 4. d4 cxd4 5. cxd4 d5 6. e5 Nc6 7. h3 Nh6 8. Nc3
O-O 9. Be2 f6 10. exf6 exf6 11. O-O Be6 12. Qb3 Qd7 13. Na4 b6 14. Bf4 Nf5 15.
Rfd1 Rfd8 16. Rac1 Na5 17. Qb4 Bf8 18. Nc5 Nxd4 19. Qxd4 Bxc5 20. Qxf6 Rf8 21.
Qh4 Nc6 22. Bb5 Rxf4 23. Qxf4 Rf8 24. Qa4 Bxh3 25. Bxc6 1-0

[Event "XXI C.to Italiano U20"]
[Site "Porto San Giorgio ITA"]
[Date "2013.08.26"]
[Round "6"]
[White "Fagnani, Alessandro"]
[Black "Boscolo, Federico"]
[WhiteElo "2039"]
[BlackElo "2343"]
[Result "1-0"]
[PlyCount "59"]
[EventDate "2013.08.21"]

1. e4 c5 2. Nf3 Nc6 3. d4 cxd4 4. Nxd4 Qb6 5. Nb5 Nf6 6. Be3 Qd8 7. N1c3 a6 8.
Nd4 Qc7 9. Be2 e6 10. a3 Be7 11. O-O d6 12. f4 O-O 13. f5 Ne5 14. g4 exf5 15.
exf5 Nc4 16. Bxc4 Qxc4 17. g5 Nd7 18. f6 gxf6 19. Nf5 Bd8 20. Nd5 Ne5 21. Rf4
Qb5 22. Nfe7+ Bxe7 23. Nxe7+ Kh8 24. Rh4 Bg4 25. Rxg4 Nxg4 26. Qxg4 fxg5 27.
Bd4+ f6 28. Rf1 Kg7 29. Rf5 Qe8 30. Qxg5+ 1-0

[Event "XXI C.to Italiano U20"]
[Site "Porto San Giorgio ITA"]
[Date "2013.08.26"]
[Round "6"]
[White "Miracola, Massimiliano"]
[Black "Santeramo, Domenico"]
[WhiteElo "2149"]
[BlackElo "2059"]
[Result "1-0"]
[PlyCount "85"]
[EventDate "2013.08.21"]

1. g3 Nf6 2. Bg2 d5 3. c4 c6 4. Nf3 dxc4 5. Qc2 g6 6. Qxc4 Bg7 7. O-O O-O 8.
Nc3 Nbd7 9. d4 Qa5 10. e4 e5 11. dxe5 Nxe5 12. Nxe5 Qxe5 13. Qe2 Re8 14. h3 h5
15. Bf4 Qa5 16. Rad1 Nd7 17. Be3 Nf6 18. f4 Be6 19. Qf2 Bc4 20. Rfe1 b6 21. Rd4
b5 22. a3 Nh7 23. e5 c5 24. Rxc4 bxc4 25. Bxa8 Rxa8 26. Bxc5 Bf8 27. Bxf8 Nxf8
28. Ne4 Rb8 29. Re2 Kg7 30. Nd6 c3 31. bxc3 Qxc3 32. f5 Rb1+ 33. Kh2 Qc1 34.
Qg2 Qd1 35. e6 fxe6 36. fxe6 Nxe6 37. Rxe6 Qd4 38. Re7+ Kf6 39. Rf7+ Ke6 40.
Qa2+ Kxd6 41. Qxb1 Qd2+ 42. Kg1 Qe3+ 43. Kg2 1-0

[Event "XXI C.to Italiano U20"]
[Site "Porto San Giorgio ITA"]
[Date "2013.08.26"]
[Round "6"]
[White "Morello, Guido"]
[Black "Gregori, Giacomo"]
[WhiteElo "2048"]
[BlackElo "2060"]
[Result "0-1"]
[PlyCount "64"]
[EventDate "2013.08.21"]

1. e4 g6 2. d4 Bg7 3. Nc3 c6 4. f4 d5 5. e5 h5 6. Nf3 Nh6 7. Be3 Bg4 8. h3 Bxf3
9. Qxf3 Nf5 10. Bd3 e6 11. g3 Nd7 12. O-O-O Nxe3 13. Qxe3 Qb6 14. Kb1 Bf8 15.
g4 Ba3 16. Na4 Qb4 17. f5 Nb6 18. c3 Qxa4 19. fxe6 fxe6 20. Bxg6+ Kd7 21. bxa3
Raf8 22. Bd3 hxg4 23. hxg4 Kc7 24. g5 Rh2 25. Qc1 Rhf2 26. g6 Nc4 27. Rh7+ Kb6
28. Bxc4 Qxc4 29. Rd2 Rxd2 30. Qxd2 Rf1+ 31. Kc2 Qxa2+ 32. Kd3 Qb1+ 0-1

[Event "XXI C.to Italiano U20"]
[Site "Porto San Giorgio ITA"]
[Date "2013.08.26"]
[Round "6"]
[White "Sagripanti, Michele"]
[Black "Dappiano, Andrea"]
[WhiteElo "2060"]
[BlackElo "2149"]
[Result "0-1"]
[PlyCount "104"]
[EventDate "2013.08.21"]

1. e4 e6 2. d4 d5 3. Nd2 Nc6 4. Ngf3 Nf6 5. e5 Nd7 6. Bb5 a5 7. Nf1 Na7 8. Bd3
c5 9. c3 Nc6 10. Be3 b6 11. Ng5 g6 12. h4 h6 13. Nxe6 fxe6 14. Bxg6+ Ke7 15.
Qf3 Ndxe5 16. dxe5 Nxe5 17. Qh5 Nxg6 18. Qxg6 Qe8 19. Qg3 Kd7 20. O-O-O Bd6 21.
Qg7+ Kc6 22. Ng3 Bd7 23. h5 Qg8 24. Qg6 Qxg6 25. hxg6 Rag8 26. Ne2 Rxg6 27.
Rdg1 e5 28. Rh4 Be7 29. Rh2 h5 30. Rgh1 h4 31. g3 h3 32. f3 Rf8 33. f4 e4 34.
Rxh3 Bxh3 35. Rxh3 Bf6 36. f5 Rgg8 37. Rh7 Bg5 38. Bxg5 Rxg5 39. Nf4 Rfxf5 40.
Rh6+ Kb7 41. Rh7+ Kc6 42. Rh6+ Kb5 43. Ne6 Rxg3 44. b3 a4 45. Nc7+ Ka5 46. Rh8
b5 47. Rh6 Rxc3+ 48. Kb2 Rf2+ 49. Kb1 Rd3 50. Ra6+ Kb4 51. Kc1 Rg3 52. Nxd5+
Ka3 0-1

[Event "XXI C.to Italiano U20"]
[Site "Porto San Giorgio ITA"]
[Date "2013.08.26"]
[Round "6"]
[White "Siclari, Giovanni"]
[Black "Franciosi, Fausto"]
[WhiteElo "2059"]
[BlackElo "2084"]
[Result "1/2-1/2"]
[PlyCount "82"]
[EventDate "2013.08.21"]

1. Nf3 Nf6 2. c4 g6 3. Nc3 Bg7 4. e4 d6 5. d4 O-O 6. Be2 e5 7. O-O Na6 8. Be3
c6 9. d5 c5 10. Ne1 Ne8 11. Rb1 f5 12. exf5 gxf5 13. f4 e4 14. Nc2 Qh4 15. Nb5
Qe7 16. b4 b6 17. bxc5 bxc5 18. Qe1 Nf6 19. h3 Kh8 20. Kh2 Nc7 21. a4 Rg8 22.
Rg1 a6 23. Nxc7 Qxc7 24. g4 Rb8 25. g5 Rxb1 26. Qxb1 Nd7 27. h4 Nb6 28. h5 h6
29. a5 Na8 30. Bc1 hxg5 31. Rxg5 Qxa5 32. Bb2 Qd2 33. Qg1 Qxe2+ 34. Kh3 Qf3+
35. Kh4 Qxf4+ 36. Kh3 Qf3+ 37. Kh4 Qf4+ 38. Kh3 Qg4+ 39. Rxg4 fxg4+ 40. Kg2
Bxb2 41. Qe3 Bf5 1/2-1/2

[Event "XXI C.to Italiano U20"]
[Site "Porto San Giorgio ITA"]
[Date "2013.08.27"]
[Round "7"]
[White "Altini, Nicola"]
[Black "Fagnani, Alessandro"]
[WhiteElo "2347"]
[BlackElo "2039"]
[Result "1-0"]
[PlyCount "81"]
[EventDate "2013.08.21"]

1. d4 d5 2. c4 e6 3. Nf3 Nf6 4. g3 b6 5. Bg2 Bb7 6. O-O Nbd7 7. Nc3 Be7 8. cxd5
Nxd5 9. Re1 N7f6 10. Qa4+ Qd7 11. Qb3 O-O 12. Ne5 Qd8 13. e4 Nxc3 14. bxc3 Nd7
15. Ng4 h5 16. Ne3 e5 17. Bb2 c5 18. d5 c4 19. Qxc4 Nc5 20. Qe2 Ba6 21. c4 Qc7
22. Rad1 Na4 23. Ba1 g6 24. f4 exf4 25. d6 Bxd6 26. Nd5 Qxc4 27. Nf6+ Kh8 28.
Qxc4 Bxc4 29. Rxd6 Rfd8 30. Nxh5+ Kh7 31. Nf6+ Kh6 32. Rxd8 Rxd8 33. gxf4 Bxa2
34. Ng4+ Kh7 35. Bf6 Rd3 36. Ne5 Rd6 37. Ng4 Rd3 38. Bf1 Rf3 39. Kg2 Rb3 40.
Bc4 Rb1 41. Re3 1-0

[Event "XXI C.to Italiano U20"]
[Site "Porto San Giorgio ITA"]
[Date "2013.08.27"]
[Round "7"]
[White "Boscolo, Federico"]
[Black "Siclari, Giovanni"]
[WhiteElo "2343"]
[BlackElo "2059"]
[Result "1-0"]
[PlyCount "87"]
[EventDate "2013.08.21"]

1. e4 c5 2. Nf3 e6 3. b3 a6 4. c4 Nc6 5. Nc3 Qc7 6. Bb2 Nf6 7. Be2 Nd4 8. O-O
Bd6 9. h3 Nxf3+ 10. Bxf3 Be5 11. Qe2 O-O 12. g3 Re8 13. Bg2 Bd4 14. Kh2 d5 15.
d3 dxe4 16. dxe4 Bd7 17. e5 Qxe5 18. Qxe5 Bxe5 19. Bxb7 Ra7 20. Bg2 a5 21. Nb5
Bxb2 22. Nxa7 Bxa1 23. Rxa1 Kf8 24. Rd1 Ke7 25. Bc6 Kd8 26. Bb5 e5 27. g4 h6
28. a3 Re6 29. Nc6+ Kc7 30. Nxa5 Bxb5 31. cxb5 Kb6 32. Nc4+ Kxb5 33. Nd6+ Kb6
34. Nxf7 Ne4 35. f3 Nc3 36. Re1 e4 37. Re3 Nb1 38. a4 Rf6 39. Ne5 exf3 40. Nd7+
Ka5 41. Nxf6 gxf6 42. Rxf3 Kb4 43. Rxf6 Kxb3 44. Rb6+ 1-0

[Event "XXI C.to Italiano U20"]
[Site "Porto San Giorgio ITA"]
[Date "2013.08.27"]
[Round "7"]
[White "Brociner, Beniamino"]
[Black "Basso, Pier Luigi"]
[WhiteElo "2032"]
[BlackElo "2208"]
[Result "0-1"]
[PlyCount "118"]
[EventDate "2013.08.21"]

1. Nf3 d6 2. d4 f5 3. g3 Nf6 4. Bg2 g6 5. O-O Bg7 6. c4 O-O 7. Nc3 c6 8. Rb1 a5
9. d5 e5 10. dxe6 Bxe6 11. b3 Na6 12. Bb2 Qe7 13. Nd4 Bd7 14. e3 Nc5 15. a3 Ng4
16. b4 axb4 17. axb4 Ne4 18. Nxe4 fxe4 19. b5 c5 20. Nb3 Bxb2 21. Rxb2 Ne5 22.
Bxe4 Nxc4 23. Bd5+ Be6 24. Rc2 Na3 25. Rb2 Nc4 26. Rc2 Ne5 27. f4 Ng4 28. Re1
Qf7 29. e4 Nf6 30. Bxe6 Qxe6 31. Rce2 Ra3 32. Nd2 Nh5 33. Qc1 Rd3 34. Qc4 Qxc4
35. Nxc4 Rd4 36. Rc1 Ra8 37. Kf2 Ra4 38. Rec2 Nf6 39. e5 Ne4+ 40. Ke2 d5 41.
Nb6 Rab4 42. Nd7 c4 43. e6 c3 44. Ke3 Rd2 45. Rxc3 d4+ 46. Kxe4 dxc3+ 47. Ke3
Rd6 48. Nf6+ Kf8 49. Nxh7+ Ke7 50. Ng5 Rc4 51. Rc2 Rd5 52. Ne4 Rxb5 53. Nxc3
Rbc5 54. Kd3 b5 55. h4 Rc6 56. h5 Rd6+ 57. Ke3 Rxe6+ 58. Kf3 Kf7 59. h6 Rec6
0-1

[Event "XXI C.to Italiano U20"]
[Site "Porto San Giorgio ITA"]
[Date "2013.08.27"]
[Round "7"]
[White "Dappiano, Andrea"]
[Black "Gregori, Giacomo"]
[WhiteElo "2149"]
[BlackElo "2060"]
[Result "1-0"]
[PlyCount "118"]
[EventDate "2013.08.21"]

1. c4 g6 2. Nc3 Bg7 3. g3 d6 4. Bg2 f5 5. d3 Nf6 6. e4 fxe4 7. dxe4 c5 8. Nge2
Nc6 9. O-O O-O 10. b3 Be6 11. Bb2 Qd7 12. Nf4 Bf7 13. Rb1 Nd4 14. Ncd5 e6 15.
Bxd4 cxd4 16. Nxf6+ Bxf6 17. Nd3 e5 18. f4 Be6 19. Rb2 Rac8 20. a4 a6 21. a5
Bg7 22. Rbf2 Qc7 23. f5 Bf7 24. Qd2 gxf5 25. exf5 Bf6 26. g4 Qd8 27. Qe2 Kh8
28. Kh1 Qxa5 29. Rf3 Rce8 30. Rg3 Bg5 31. Nf2 d5 32. cxd5 Bxd5 33. Ne4 Bxe4 34.
Qxe4 Re7 35. Rh3 Qb6 36. Rh5 Qf6 37. Qe1 Bf4 38. Be4 Rg7 39. Rg1 Rg5 40. Rh3
Rf7 41. Qb4 Rfg7 42. Bxb7 Qxf5 43. Bd5 Qc8 44. Rh4 Qd8 45. Be4 R5g6 46. Rh5 Rh6
47. Rxh6 Bxh6 48. Qc4 Bf4 49. Qxa6 Qh4 50. Qe2 Be3 51. Ra1 Rf7 52. Rf1 Rc7 53.
Qf3 Bf4 54. Qe2 Rc3 55. Bd5 Re3 56. Qa2 Qd8 57. b4 d3 58. Rxf4 d2 59. Qxd2 exf4
1-0

[Event "XXI C.to Italiano U20"]
[Site "Porto San Giorgio ITA"]
[Date "2013.08.27"]
[Round "7"]
[White "De Filomeno, Simone"]
[Black "Codenotti, Marco"]
[WhiteElo "2378"]
[BlackElo "2370"]
[Result "0-1"]
[PlyCount "132"]
[EventDate "2013.08.21"]

1. e4 c5 2. Nf3 d6 3. Bb5+ Nd7 4. d4 cxd4 5. Qxd4 a6 6. Bxd7+ Bxd7 7. c4 e5 8.
Qd3 b5 9. Nc3 bxc4 10. Qxc4 Be6 11. Qc6+ Bd7 12. Qc4 Be6 13. Qd3 h6 14. O-O Nf6
15. Rd1 Be7 16. Ne1 O-O 17. Nc2 Qb6 18. Ne3 Rfc8 19. b3 Qb7 20. Bd2 Rc5 21.
Rab1 a5 22. Be1 Rac8 23. f3 g6 24. Na4 Rb5 25. Nc3 Rb4 26. Ne2 Rb6 27. Bxa5 Ra6
28. b4 Bxa2 29. Ra1 Be6 30. b5 Raa8 31. Nc3 Nh5 32. Ncd5 Nf4 33. Nxf4 exf4 34.
Nd5 Bxd5 35. Qxd5 Qxd5 36. exd5 Rc5 37. Rdb1 Bf6 38. Ra4 Rxd5 39. Rxf4 Bd4+ 40.
Rxd4 Rxd4 41. Bc7 Raa4 42. b6 Rab4 43. Rxb4 Rxb4 44. Bxd6 Rxb6 45. Be5 Re6 46.
Bd4 Re2 47. h4 h5 48. Kh2 Kf8 49. Bf6 Ke8 50. Bg5 Kd7 51. Kg1 Ke6 52. Kf1 Rb2
53. Be3 Kf5 54. Bc5 Rd2 55. Ba7 Rb2 56. Bc5 Ke5 57. Bg1 Rb1+ 58. Kf2 f5 59. g3
Kd4 60. Kg2+ Rxg1+ 61. Kxg1 Ke3 62. Kg2 Ke2 63. f4 Ke3 64. Kh3 Kf3 65. Kh2 Kf2
66. Kh3 Kg1 0-1